Rozpamätávanie. /Lenčo, Ján/

Bibliographic Details
Main Author: Hevešiová, Jana, 1950- (Author)
Format: Article
Language:Slovak
Subjects:

MARC

LEADER 00000nab a2200000 a 4500
001 vtls000110385
003 SK-MaSNL
005 20260303213819.0
008 160215c1982 xo 0 slo
015 |a SNBRB19rr/mm-uuuuu 
035 |a CL0120488 
040 |a SNKBUCL  |b slo  |c SNKBUCL  |e AACR2 
041 0 |a slo 
044 |a xo  |c SK 
080 |a 82:929:885.4  |2 1981 
080 |a 885.4  |2 1981 
080 |a 929 Lenčo, Ján  |2 1981 
080 |a 82  |2 1981 
080 |a 792.2.096  |2 1981 
100 1 |a Hevešiová, Jana,  |d 1950-  |4 aut  |9 103111 
245 1 0 |a Rozpamätávanie. /Lenčo, Ján/  |c Jana Hevešiová 
600 1 7 |a Lenčo, Ján,  |d 1933-2012  |t Rozpamätávanie  |2 snkbucl  |9 614380 
650 0 7 |a rozhlasové inscenácie  |2 snkbucl  |9 92602 
655 7 |a články z novín a časopisov  |2 snkbucl  |9 267496 
655 7 |a články z odboru literárna veda a krásna literatúra  |2 snkbucl  |9 770045 
773 0 |t Rozhlas  |g Č. 6 (1982), s. 3 
850 |a Slovenská národná knižnica v Martine  |a MTA001 
852 |a SNK  |b KIS3GCP 
958 |a BX 
958 |a RK 
958 |a LX 
992 |a RBX 
999 |c 2214031  |d 2215961